| 000 | 00550nam a2200193Ia 4500 | ||
|---|---|---|---|
| 003 | OSt | ||
| 005 | 20250630122213.0 | ||
| 008 | 210210b1990 xxu||||| |||| 00| 0 eng d | ||
| 040 | _cAL | ||
| 041 | _akan | ||
| 082 | _aK894.4 RAMS | ||
| 100 |
_aRAMACHANDRA SHYAMA NAYAK (K) _9167746 _dರಾಮಚಂದ್ರ ಶಾಮ ನಾಯಕ್ (ಕೆ) |
||
| 245 |
_aSarasvatasudha _bಸಾರಸ್ವತ ಸುಧಾ |
||
| 260 |
_aPutturu _bK R Nayak _c1990 |
||
| 300 | _axx,444 | ||
| 690 |
_aKannada Prose _9167747 |
||
| 906 | _a044626 | ||
| 942 |
_2ddc _cBK |
||
| 999 |
_c93967 _d93967 |
||